00483nam a2200181Ia 4500003000900000005001700009008004100026040001300067040001300080100002000093245002900113250001200142260003000154300001000184490000600194500006700200700003400267IT-RoPAU20220918175408.0120407s9999 xx 000 0 und d aIT-RoPAU cIT-RoPAU aRomano Guardini aIl rosario della Madonna aBrescia aMorcellianab3a ed.c1953 c19 cm v1 aNatura e significato del Rosario Breve esposizione dei misteri aRusconi Bice JahneTraduzione